REME - Arrêts du TER Strasbourg - Haguenau (RER de Strasbourg) - Statistiques

Statistiques générales
  • Ce quiz a été pris 73 fois
  • Le résultat moyen est 8 sur 9
Statistiques - réponses
Réponse % Correct
Haguenau
98%
Strasbourg
95%
Bischwiller
91%
Vendenheim
91%
Mundolsheim
86%
Kurtzenhouse
84%
Hœrdt
82%
Marienthal
81%
Weyersheim
79%
Aucun quiz correspondant
Distribution des résultats
% des personnes avec chaque résultat
Percentile par nombre de réponses
Votre historique - résultats
Vous n’avez pas pris ce quiz